|
|
|
|
| LEADER |
01209nam a2200313 a 4500 |
| 001 |
5676 |
| 003 |
BD-DhAAL |
| 005 |
20150607092612.0 |
| 008 |
150607s1996 mouab b 001 0 eng d |
| 010 |
|
|
|a 96137935
|
| 020 |
|
|
|a 0815138466
|
| 040 |
|
|
|a InIVT
|c InIVT
|d DLC
|d BD-DhAAL
|
| 050 |
0 |
4 |
|a QH308.2
|b .A45 1996
|
| 082 |
0 |
0 |
|a 574
|2 20
|
| 100 |
1 |
|
|a Alters, Sandra.
|9 11713
|
| 245 |
1 |
0 |
|a Biology :
|b understanding life /
|c Sandra Alters.
|
| 250 |
|
|
|a 2nd ed.
|
| 260 |
|
|
|a St. Louis :
|b Mosby,
|c c1996.
|
| 300 |
|
|
|a xxxiv, 845 p. :
|b ill. (some col.), col. maps ;
|c 28 cm.
|
| 500 |
|
|
|a Previous ed. has title: Biology today.
|
| 504 |
|
|
|a Includes bibliographical references and index.
|
| 541 |
|
|
|e 5676
|
| 650 |
|
0 |
|a Biology.
|9 11714
|
| 650 |
|
0 |
|a Human biology.
|9 9561
|
| 700 |
1 |
|
|a Alters, Sandra.
|t Biology today.
|9 11715
|
| 942 |
|
|
|2 ddc
|c BK
|
| 999 |
|
|
|c 34619
|d 34619
|
| 952 |
|
|
|0 0
|1 0
|2 ddc
|4 0
|6 574_000000000000000_ALT
|7 0
|9 54060
|a SCL
|b SCL
|c GEN
|d 2015-06-07
|e Gift: The Asia Foundation
|l 0
|o 574 ALT
|p 3020005676
|r 2015-06-07
|t 1
|w 2015-06-07
|y BK
|
| 952 |
|
|
|0 0
|1 0
|2 ddc
|4 0
|6 574_000000000000000_ALT
|7 0
|9 55826
|a SCL
|b SCL
|c GEN
|d 2015-09-10
|e Gift: The Asia Foundation
|l 0
|o 574 ALT
|p 3020006068
|r 2015-09-10
|t 2
|w 2015-09-10
|y BK
|